Στρατηγικές μελέτης : βοηθώντας τους μαθητές με και χωρίς μαθησιακές δυσκολίες να μελετούν αποδοτικά ; στρατηγικές εντοπισμού, ρυθμού ανάγνωσης, απομνημόνευσης, οργάνωσης των πληροφοριών, καθώς και αποτελεσματικής μελέτης

Αποθηκεύτηκε σε:
Λεπτομέρειες βιβλιογραφικής εγγραφής
Κύριος συγγραφέας: Τσομπανίδης, Γεώργιος Ν.
Μορφή: Βιβλίο
Γλώσσα:Greek
Δημοσίευση: Αθήνα : Ατραπός, 2004.
Θέματα:
Ετικέτες: Προσθήκη ετικέτας
Δεν υπάρχουν, Καταχωρήστε ετικέτα πρώτοι!

MARC

LEADER 00000cam a2200000 i 4500
001 1/54065
008 040510s2004 gr | ||| |||| ||gre||
020 |a 9608325692 
035 |l 10073203 
040 |a GR-MY-UA  |b gre  |e aacr 
041 0 |a gre 
082 7 |a 371.3  
100 1 |a Τσομπανίδης, Γεώργιος Ν. 
245 1 0 |a Στρατηγικές μελέτης :   |b βοηθώντας τους μαθητές με και χωρίς μαθησιακές δυσκολίες να μελετούν αποδοτικά ; στρατηγικές εντοπισμού, ρυθμού ανάγνωσης, απομνημόνευσης, οργάνωσης των πληροφοριών, καθώς και αποτελεσματικής μελέτης /   |c Γεώργιος Ν. Τσομπανίδης.  
260 |a Αθήνα :   |b Ατραπός,   |c 2004.  
300 |a 155 σ. ;   |c 23 εκ.  
650 0 0 |a Teaching  |x Methodology. 
650 0 0 |a Teaching  |x Psychological aspects. 
650 0 0 |a Instructional systems. 
852 |a INST  |b RHODES  |e 20040510  |h 371.3 ΤΣΟ  |p 005400019195  |q 005400019195  |t BK  |y 0 
852 |a INST  |b RHODES  |e 20181119  |h 371.3 ΤΣΟ  |p 005400040323  |q 005400040323  |t BK  |y 0 
901 |a BIBL4-2004-2 
909 |a Ρ  |b 109328 
970 |a ΚΟΥΛΑΚΙΟΤΗ  |b ΛΙΤΣΑ  |z 2004/05/10